Imagination Movers Trivia - Statistics

General Stats
  • This quiz has been taken 149 times
  • The average score is 14 of 30
Answer Stats
Hint Answer % Correct
Rich's main instrument Drums
93%
Smitty's main instrument Guitar
87%
Scott's main instrument Keyboard
73%
The Movers' neighbor and female friend Nina
73%
Dave's main instrument Bass
67%
How the Movers come up with ideas/song that plays every episode Brainstorming
67%
The main setting of the series Idea Warehouse
60%
Rich's mover gadget that allows him to draw on anything Scribble Sticks
60%
Cheese loving character that lives in the walls of the Warehouse Warehouse Mouse
60%
Scott's Mover gadget that he wears on his head Wobble Goggles
60%
Name of Scott's stuffed companion Freddy Bear
53%
"It's not just a problem, it's an ____ __________!" Idea Emergency
53%
Smitty's Mover gadget that has answers to any question Journal
53%
Movers character who loves everything boring Knit Knots
53%
City most of the Imagination Movers live in New Orleans
53%
Dave always misses these at the end of each episode High Five
47%
The State the Movers live in Louisiana
47%
TV channel that the series premiered on Playhouse Disney
47%
The name for the main lobby of the Warehouse Think Tank
47%
Dave's Mover gadget that can hold anything Gadget Hat
40%
Stage Drummer for the Movers Kyle
40%
Year that the series premiered 2008
33%
Smitty's job aside from being a Mover Firefighter
27%
Rich's job aside from being a Mover Journalist
27%
Guitar-like instrument that Scott plays Mandolin
27%
What city does Scott live in? Lafayette
20%
Scott's job aside from being a Mover Teacher
20%
Dave's job aside from being a Mover Architect
13%
Keyboard-like instrument with a mouth piece that Scott plays Melodica
13%
Movers Moto Reach High, Think Big, Work Hard, Have Fun
13%
No matching quizzes found
Score Distribution
Percent of People with Each Score
Percentile by Number Answered
Your Score History
You have not taken this quiz